ბათუმის შოთა რუსთაველის სახელმწიფო უნივერსიტეტის ბიბლიოთეკა

საზღვარგარეთის ქვეყნების სამართლის ისტორია (ბიბ.ჩანაწერი № 51396)

000 -LEADER
fixed length control field 01028nam a2200253Ia 4500
001 - CONTROL NUMBER
control field 18381
003 - CONTROL NUMBER IDENTIFIER
control field GE_BSU
008 - FIXED-LENGTH DATA ELEMENTS--GENERAL INFORMATION
fixed length control field 181216s||||||||xx |||||||||||||| ||und||
020 ## - INTERNATIONAL STANDARD BOOK NUMBER
International Standard Book Number 978-9941-10-972-0
040 ## - CATALOGING SOURCE
Transcribing agency GE_BSU
080 ## - UNIVERSAL DECIMAL CLASSIFICATION NUMBER
Universal Decimal Classification number 34(100)(09)(075)
100 ## - MAIN ENTRY--PERSONAL NAME
Personal name გარიშვილი, მარინა. ხოფერია,მარიამ
245 ## - TITLE STATEMENT
Title საზღვარგარეთის ქვეყნების სამართლის ისტორია
245 ## - TITLE STATEMENT
Remainder of title სახელმძღვანელო
260 ## - PUBLICATION, DISTRIBUTION, ETC.
Place of publication, distribution, etc. თბილისი
260 ## - PUBLICATION, DISTRIBUTION, ETC.
Name of publisher, distributor, etc. მერიდიანი
260 ## - PUBLICATION, DISTRIBUTION, ETC.
Date of publication, distribution, etc. 2014
300 ## - PHYSICAL DESCRIPTION
Extent 712 გვ. ; 20 სმ.
300 ## - PHYSICAL DESCRIPTION
Accompanying material ბიბლიოგრ.: გვ. 709-710 და ტექსტის შენიშვნებში.
653 ## - INDEX TERM--UNCONTROLLED
Uncontrolled term საზღვარგარეთის ქვეყნების სამართლის ისტორია
653 ## - INDEX TERM--UNCONTROLLED
Uncontrolled term სამართალი
942 ## - ADDED ENTRY ELEMENTS (KOHA)
Koha item type წიგნი
ეგზემპლარები
Withdrawn status Lost status Damaged status Not for loan Date acquired Barcode Date last seen Price effective from Koha item type
        2018-12-17 46996 2018-12-17 2018-12-17 წიგნი
        2018-12-17 46995 2018-12-17 2018-12-17 წიგნი